Estudio de suelos del área sur : influencia del canal principal Dique Salto Andersen. Ejido Municipal de Río Colorado. Provincia de Río Negro /

Guardado en:
Autores Corporativos: Consejo Federal de Inversiones (Argentina), Instituto Nacional de Tecnología Agropecuaria (Argentina). Estación Experimental Agropecuaria Alto Valle.
Formato: Libro
Idioma:Undetermined
Publicado: Buenos Aires : Consejo Federal de Inversiones, 2010.
Materias:
Etiquetas: Agregar Etiqueta
Sin Etiquetas, Sea el primero en etiquetar este registro!
LEADER 00806nam a22001695a 4500
001 EEA.libagro009802
005 20160923083817.0
008 140528s2010####ag############000#0#und#d
020 |a 9789876790338 
082 0 4 |a 631.478273 
245 1 0 |a Estudio de suelos del área sur :  |b influencia del canal principal Dique Salto Andersen. Ejido Municipal de Río Colorado. Provincia de Río Negro /  |c Consejo Federal de Inversiones. 
260 |a Buenos Aires :  |b Consejo Federal de Inversiones,  |c 2010. 
300 |a 145 p. :  |b il., fot. col ;  |c 27 cm. 
651 7 |a Río Negro (Argentina) 
710 2 |a Consejo Federal de Inversiones (Argentina) 
710 2 |a Instituto Nacional de Tecnología Agropecuaria (Argentina).  |b Estación Experimental Agropecuaria Alto Valle. 
859 |a AR-BbBCA  |b BIB. AGRONOMIA  |h 631.478273  |i A691  |p 2014/6381